[Event "Allauch op 5th"]
[Site "Allauch"]
[Date "2023.09.01"]
[Round "8"]
[White "Omelchenko, Danila"]
[Black "Lechevallier, Alexandre"]
[Result "1-0"]
[WhiteElo "1199"]
[BlackElo "1377"]
[PlyCount "117"]
[EventDate "2023.08.28"]
[EventType "swiss"]
[EventRounds "9"]
[EventCountry "FRA"]
[SourceTitle "EXT 2024"]
[Source "ChessBase"]
[SourceDate "2023.10.10"]
[SourceVersion "1"]
[SourceVersionDate "2023.10.10"]
[SourceQuality "1"]

1. b3 e5 2. Bb2 Nc6 3. e3 d6 4. Bb5 Bd7 5. Ne2 a6 6. Bxc6 Bxc6 7. 0-0 Qg5 8. Ng3 Nf6 9. f4 exf4 10. exf4 Qd5 11. Re1+ Be7 12. Re2 0-0 13. c4 Qc5+ 14. d4 Qb6 15. Rxe7 Rfe8 16. Rxe8+ Rxe8 17. Kh1 d5 18. c5 Qa7 19. Nd2 b5 20. Nf3 Ng4 21. Kg1 f6 22. Qd2 Qa8 23. Re1 Bd7 24. h3 Nh6 25. Rxe8+ Qxe8 26. Qe2 Qxe2 27. Nxe2 c6 28. Kf2 Nf7 29. g4 g6 30. Kg3 f5 31. Ne5 Nxe5 32. dxe5 Kf7 33. Nd4 h6 34. e6+ Bxe6 35. Nxc6 Ke8 36. Nb4 Bc8 37. Nxd5 Bb7 38. Ne3 Be4 39. gxf5 gxf5 40. Bg7 h5 41. Kh4 Kf7 42. Be5 Kg6 43. b4 Bf3 44. Kg3 Be4 45. h4 Kf7 46. Kf2 Ke6 47. Ke2 Bc6 48. Kd3 Bb7 49. Kd4 Be4 50. Nf1 Bg2 51. Ng3 Bf3 52. a3 Bg4 53. c6 Ke7 54. Kc5 Kd8 55. Kb6 Kc8 56. Kxa6 Kd8 57. Kb7 Ke7 58. c7 Kd7 59. c8Q+ 1-0